History Quiz

Random History or Famous Quiz
Score 0/24 Timer 08:00
3 Plays Today
% Correct
Nelson Mandela
97.2%
Mohandas Gandhi
96.5%
Queen Elizabeth II
93.5%
Vladimir Lenin
88.5%
Mao Zedong
87.7%
Winston Churchill
86%
Che Guevara
85.8%
Saddam Hussein
85.1%
Fidel Castro
84.4%
Kim Jong-il
79.9%
Napoleon I
79%
Muammar Gaddafi
71.1%
% Correct
Eva Perón
69.8%
Margaret Thatcher
65.9%
Karl Marx
59.5%
Ayatollah Ruhollah Khomeini
49.2%
Benazir Bhutto
47.7%
Hugo Chávez
46.6%
Malala Yousafzai
41.9%
Golda Meir
39%
Emiliano Zapata
20.4%
Vaclav Havel
17.9%
Aung San Suu Kyi
17.6%
James Connolly
5.5%
Remove Ads.
Support Sporcle.
Get the best of Sporcle when you Go Orange. This ad-free experience offers more features, more stats, and more fun while also helping to support Sporcle. Thank you for becoming a member.

You're not logged in!

Compare scores with friends on all Sporcle quizzes.
OR
Log In

Show Comments

Extras

Top Quizzes Today


Score Distribution

Your Account Isn't Verified!

In order to create a playlist on Sporcle, you need to verify the email address you used during registration. Go to your Sporcle Settings to finish the process.

Report this User

Report this user for behavior that violates our Community Guidelines.

Details: